| 000 | 00492nam a2200205Ia 4500 | ||
|---|---|---|---|
| 008 | 170918s9999 xx 000 0 und d | ||
| 020 | _a9780545385732 | ||
| 050 | _bZ947ch 2012 | ||
| 100 | _aZullo, Allan | ||
| 245 | _aChristmas miracle pets : | ||
| 245 | _banimals who saved the day / | ||
| 245 | _cby Allan Zullo. | ||
| 260 | _aNew York : | ||
| 260 | _bScholastic, | ||
| 260 | _c2012 | ||
| 300 | _a119 pages : | ||
| 300 | _billustrations ; | ||
| 300 | _c19cm. | ||
| 500 | _a840 | ||
| 999 |
_c343816 _d343816 |
||